000 00306nam a2200145 i 4500
001 bg
245 0 _aEncyklopedia popularna PWN.
250 _aWyd.7.
260 _aWarszawa,
_c1982.
040 _cBPK
041 _apol
080 _a0/9(03)
942 _cKS
008 s pl f |000 0 pol
999 _c23372
_d23372
856 _uhttp://koha.tu.koszalin.pl/cgi-bin/koha/opac-detail.pl?biblionumber=23372
_yKatalog online BPK